Normal view
MARC view
- PROGRAMA ESCUELA SEGURA (MEXICO)
Entry Nombre Corporativo
001 - NÚMERO DE CONTROL
- campo de control: 18444
003 - IDENTIFICADOR DE NUMERO DE CONTROL
- campo de control: UPN
005 - FECHA Y HORA DE LA ÜLTIMA TRANSACCIÓN
- campo de control: 20210219193908.0
008 - DATOS DE LONGITUD FIJA
- campo de control de longitud fija: nabaccnnaabn|||||||||| b |nc|||||d
035 ## - NÚMERO DE CONTROL
- Número de control: UPN10000018452
040 ## - FUENTE DE CATALOGACIÓN
- Lenguaje de catalogación: SPA
- Agencia transcribe: UPN
110 2# - ENCABEZAMIENTO - NOMBRE CORPORATIVO
- Nombre corporativo o de jurisdicción como elemento de entrada : PROGRAMA ESCUELA SEGURA (MEXICO)
670 ## - FUENTE EN LA QUE SE LOCALIZARON DATOS
- Cita de la fuente : T
- Información localizada: Implementación del Programa Escuela Segura en la escuela secundaria diurna no. 1
902 ## - CATALOGADOR
- Catalogador: MCM/300611
